000 00961nam a22001937a 4500
001 83054
003 BD-RjUL
005 20240212113223.0
008 240212s1956 p ||||| |||| 00| 0 urd d
035 _a(BD-RjUL) 83054
040 _aBD-RjUL
_beng
_cBD-RjUL
041 _aurd
082 _223
_a891.55109
_bATH 1956
100 _aعطا كاكوي, سيد شاه عطاء الرحمن ;; Atta Kakwi, Syed Shah Attaur Rahman
_911662
245 1 0 _aحيرت زار / Ḥairat zār /
_cAuthors:ميرزا عبد القادر بيدل ؛ حالات زندگي، كلام پر نقد و نظر، اور انتخاب كلام مرتبه، سيد شاه عطاء الرحمن عطا كاكوي.,., ،. / Mirzā ʻAbdulqādir Bedil ; ḥālāt-i zindagī, kalām par naqd o naẓar, aur intik̲h̲āb-i kalām murattabah, Sayyid Shāh ʻAt̤āʼurraḥmān ʻAt̤ā Kākvī.,
260 _aPatna :
_bAyan e Urdu ,
_c1956
300 _a93 p. ;
_c18 cm
942 _2ddc
_cBK
999 _c83054
_d83054